Perspectives of Law and Public Administration

Detalles Bibliográficos
Formato: Electrónico Seriadas
Publicado: [S.l.] : Societatea de Stiinte Juridice si Administrative
Materias:
Acceso en línea:Full text available from Research Library: 11/01/2012 to present

MARC

LEADER 00000nas a22000003u 4500
001 ssib032046159
003 WaSeSS
005 20200512172242.0
006 m d
007 cr n
008 200512uuuuuuuuu||||| |ss|||||| ||||||d
022 |y 2601-7830 
035 |a (WaSeSS)ssib032046159 
040 |a WaSeSS  |c WaSeSS  |d WaSeSS 
245 0 0 |a Perspectives of Law and Public Administration  |h [electronic resource]. 
260 |a [S.l.] :  |b Societatea de Stiinte Juridice si Administrative 
500 |a Title from content provider. 
506 |a License restrictions may limit access. 
655 0 |a Electronic journals. 
856 4 0 |z Full text available from Research Library: 11/01/2012 to present  |u https://search.proquest.com/publication/2035664